000 01318cam a22003617a 4500
003 CHAP
005 20220329142632.0
008 010920d2001 mx r 00110 spa d
010 _a85933
011 _a86905
035 _a97445
040 _cCHAP
090 _aTesis
100 0 0 _aTejada Vázquez, Victor.
_9112018
245 1 0 _aTipología del uso del agua en la comunidad de San Diego Tlaylotlacán, Texcoco, Edo. de México
_c/por Víctor Tejeda Vázquez
260 _aChapingo, Méx. :
_bEl autor,
_c2002.
300 _a97h. :
_bilus. ; cuadros ; gráfs.
502 _aTesis (Ing. Forestal) -- UACH. División de Ciencias Forestales
590 _aALEPH
_b10
_c20130110
_lUCH01
_h1447
590 _aBATCH-UPD
_b10
_c20130110
_lUCH01
_h0515
590 _aBATCH-UPD
_b10
_c20130410
_lUCH01
_h0154
590 _aBATCH-UPD
_b10
_c20130410
_lUCH01
_h1602
590 _aBATCH-UPD
_b10
_c20130914
_lUCH01
_h2043
590 _aBATCH-UPD
_b10
_c20141001
_lUCH01
_h1312
590 _aCONVERSION
_b10
_c20130109
_lUCH01
_h1348
650 1 4 _aAgua
_xAbastecimiento
_xMexico (Edo.)
_92252
650 1 4 _aAgua
_xUtilización.
_92401
901 _aBK
905 _aAlejandra Carrasco M.
942 _cFOLL
949 _aTesis
_bBC
_cTES
_d33724000867354
_eTS2
_fc.2
_h39510
_i97445
_si
949 _aTesis
_bBC
_cTES
_d974451
_eTS1
_h39509
_i97445
_sb
999 _c85933
_d85933